| 000 | 01182nam a2200253 4500 | ||
|---|---|---|---|
| 001 | 178811 | ||
| 003 | ES-MaACL | ||
| 005 | 20250528200326.0 | ||
| 008 | 110707s2010 sp dp |||| | spa d | ||
| 020 | _a978-84-670-3426-4 | ||
| 080 | _a811.134.2'35 | ||
| 245 | 0 | 0 |
_aOrtografía de la lengua española / _cReal Academia Española, Asociación de Academias de la Lengua Española. |
| 260 |
_aMadrid : _bEspasa Libros, _c[2010] |
||
| 300 |
_aLI, 745 p. : _bgráf., tablas ; _c24 cm. |
||
| 500 | _aÍndices. | ||
| 505 | 8 |
_aContiene: ; _tEl sistema ortográfico del español ; _tOrtografía de expresiones que plantean dificultades específicas - Apéndices: ; _tLista de abreviaturas ; _tLista de símbolos ; _tLista de países y capitales, con sus gentilicios |
|
| 650 | 0 | 7 |
_aLengua española- _xOrtografía. _914177 |
| 710 | 2 |
_aReal Academia Española _96336 |
|
| 710 | 2 |
_aAsociación de Academias de la Lengua Española. _91548 |
|
| 852 |
_aES-MaACL _9185674 _bR.146966 _jA-11322 _cDEPO1 _dOlim: N-4326 _xDonación: Editorial |
||
| 852 |
_aES-MaACL _jA-15543 _9185674 _cDEPO1 _dOlim: L 811.134.2'35 art _dOlim: 134.2'35 ort |
||
| 942 |
_2udc _cMONOGRAFIA |
||
| 999 |
_c178811 _d178811 |
||